1870 1648 1865 1262 1610 1436 1609 1031 1895 1653 1251 1255 1420 1990 1672 1481 1734 1204 1432 1989 1677 1402 1048 1044 1058 1564 1230 1437 1578 1154 1103 1791 1765 1436 1462 1240 1848 1425 1075 1840 1167 1444 1221 1047 1308 1048 1839 1249 1835 1801 1109 1436 1683 1854 1330 1893 1096 1895 1218 1117 1145 1938 1005 1586 1871 1137 1428 1938 1434 1869 1484 1260 1097 1898 1097 1842 1181 1226 1966 1027 1199 1817 1738 1737 1545 1935 1366 1609 1351 1780 1522 1691 1401 1890 1729 1203 1082 1555 1775 BCNSPRNW ULIB Ver.6.0+V

เปลี่ยนเป็นภาษาไทย

Change to English
 แสดงรายละเอียดบรรณานุกรม
  กลับหน้าหลัก

Brief Record : Get Marc (ISO 2709) : E-mail record : QR code < ปิดหน้าต่าง
LEADER : 00000nam 2200000uu 4500
001    13399113412
003     ULIB
008    110627s2548||||th 000 0 tha d
020    978974991614X
090    นว.^bพ791ก 2548
100 0  พี.เจ.พาร์ริช
245 00 เกาะลับแล/^cพี.เจ.พาร์ริช
250    พิมพ์ครั้งที่ 4
260    กรุงเทพฯ :^bแพรวสำนักพิมพ์,^c2548
300    374 หน้า
710 1  แพรวสำนักพิมพ์
945    ^p255^l0^i019591
995    ทศพร
999 ^a ใช้งานได้ทุกระบบ
รายการนี้ยังไม่มีแท็ก
คุณยังไม่ได้ล็อกอิน คุณสามารถมีกิจกรรมร่วมกับเว็บไซต์ได้ แต่ต้องล็อกอินก่อน ::
  ล็อกอิน

รายการสื่อสารสนเทศ

ลำดับที่ ประเภท เลขเรียก/บาร์โค้ด สถานที่ สถานะ
1. นวนิยาย
นวนิยาย
นว. พ791ก 2548 ฉ.1 
  Barcode: 019591
ห้องสมุดวิทยาเขตสวรรค์ประชารักษ์
►นวนิยาย
บนชั้น
  ขอยืม

BibComment


ยังไม่เคยถูกคอมเมนท์

คอมเมนท์ทรัพยากรรายการนี้
  คอมเมนท์: เกาะลับแล พีเจพาร..


 Copyright 2026. Bcnsprnw @Library